Statistics for Word Chain - The Middle East

Click here to take the quiz!

General Stats

  • This quiz has been taken 9,682 times
    (9,654 since last reset)
  • The average score is 18 of 26

Answer Stats

HintAnswer% Correct
Islamic term for GodAllah
95%
Country home to the ruins of BabylonIraq
93%
Emirate that will host the 2022 World Cup?Qatar
93%
Capital of SyriaDamascus
91%
Country ruled by Gaddafi until 2011Libya
91%
Sea separating Asia from AfricaRed
90%
Major city located on two continentsIstanbul
90%
Most widely-spoken language in the regionArabic
90%
Main language of IsraelHebrew
88%
Country which covers most of AnatoliaTurkey
83%
Capital of LebanonBeirut
81%
Jewish holiday: ___ KippurYom
81%
Home city of JesusNazareth
81%
Egyptian peninsula once controlled
by Israel
Sinai
78%
Muslim pilgrimage to MeccaHajj
75%
Country home to the city of AdenYemen
71%
Political party that rules GazaHamas
61%
His sons were the twelve tribes of IsraelJacob
60%
Legendary city home to Hector and PriamTroy
56%
Khomeini's religious titleAyatollah
56%
Egyptian leader overthrown in 2011Mubarak
47%
Egyptian President assassinated in 1981Sadat
44%
Black stone cube at the center of MeccaKaaba
40%
Islamic title; literally "successor"Caliph
39%
Fundamentalist branch of Saudi IslamWahhabi
37%
Journey of Mohammed that marks the
start of the Islamic calendar
Hegira
16%

Score Distribution

Percentile by Number Answered

Percent of People with Each Score

Your Score History

You have not taken this quiz since the last reset